Statistics for 50 ULTIMATE HUNGER GAMES QUESTIONS

Click here to take the quiz!

General Stats

  • This quiz has been taken 85 times
  • The average score is 40 of 50

Answer Stats

QuestionAnswer% Correct
Which district is Katniss from?12
100%
What’s the name of the day when tributes are chosen?Reaping Day
100%
Who is Katniss’s sister?Primrose
99%
What was the name of Katniss’s head stylist?Cinna
97%
Under what circumstances did Katniss first meet Peeta?She was starving and he gave her bread
97%
What is the first thing Katniss looks for after running from the Cornucopia?Water
96%
What does Peeta do that surprises Katniss on their first night in the arena?He hunts with the Career Tributes
95%
How did Katniss’s father die?He dies in a mine explosion
94%
Who courageously sacrificed themselves by walking into the fog so Finnick, Katniss, and Peeta could live?Mags
94%
What do Katniss and Peeta threaten to do at the end of the games?They threaten to kill themselves with poison berries
94%
What’s the name of Finnick Odair’s love interest?Annie Cresta
92%
What bonding activity would Gale and Katniss do together?Hunting
92%
Who is chosen by lottery as the female tribute for District 12?Primrose
92%
Where does Katniss find Peeta after it’s declared that two tributes can win the Games?She finds him lying camouflaged in mud
92%
What does Wiress keep saying in the arena?TICK TOCK
92%
What is an Avox missing?Tongue
92%
Who was the president of District 13?Alma Coin
91%
What does Katniss shoot during a private training session with the Gamemakers?An apple
91%
What is the name of Prim’s cat?Buttercup
91%
Who plays Effie Trinket?Elizabeth Banks
91%
What does Rue point out to Katniss that lets her get away from the group of Career Tributes?A Tracker Jacker nest
90%
What was the period in Panem after the failed District rebellion known as?Dark Days
90%
What is Peeta's nickname?Lover Boy
90%
What item does Katniss manage to grab at the Cornucopia in during her first Hunger Games?A Backpack
86%
What does Peeta tell Katniss he wants to do in the Games?He wants to show the Capitol that he’s not just a piece in their game
86%
Where does The Hunger Games take place?Panem
86%
What is the name of the alliance that proves to be the most dangerous?Career Tributes
85%
What does Katniss think when she first sees the residents of the Capitol?She thinks they are superficial and ridiculous
85%
Why does the Capitol hold the Hunger Games?They hold the games to remind the districts that they are powerless against them.
85%
What are tesserae?Extra rations of grain and oil
84%
For the Opening Ceremony, Katniss wears a cape made of what?Fire
84%
How does Haymitch indicate to Katniss that he wants her to play up the romance with Peeta?He sends her a pot of broth after they kiss
82%
Who or what is Katniss named after?A plant with edible roots
80%
When does Peeta propose to Katniss?On a live TV interview
80%
Which district is Rue from?11
78%
Haymitch emphasizes the importance of what?Sponsors
78%
What song does Katniss sing after Rue dies?Deep in the Meadow
71%
Who escorts Katniss to the Capitol?Effie Trinket
71%
Which training station does Peeta excel at?Camouflage station
70%
How does Cato finally die?Katniss shoots him
70%
Who gives Katniss the Mockingjay pin?Madge Undersee
70%
What does Katniss do in the first book that causes her name to be added extra times to the reaping ball?She takes out tesserae
68%
How does the Capitol confirm the identity of each potential tribute?Blood
59%
When Katniss is severely dehydrated, how does Haymitch indicate to her that she’s near water?He doesn't send her anything
58%
At what skill is Gale better than Katniss?Setting Snares
57%
How long do the tributes have to wait on their platforms before the Hunger Games begin?60 Seconds
48%
Who is the first tribute to die?District 8 male
37%
What do Rue and Katniss realize is their advantage over the Career Tributes?They are able to do survival skills
23%
How many tributes survive the first day of the Hunger Games?Eleven
22%
What event does Katniss refer to when she says the most dangerous part of the Hunger Games is about to begin?Her last interview with Caesar Flickerman
14%

Score Distribution

Percentile by Number Answered

Percent of People with Each Score

Your Score History

You have not taken this quiz